000 00721nam a2200229 i 4500
001 84342
003 ES-MaACL
005 20250926063052.0
007 t|
008 041122s1910 fr ||||1| fre d
100 1 _aJames, William,
_d1842-1910
_965978
245 1 0 _aPhilosophie de l'experience /
_cWilliam James ; traduit par E. Le Brun et M. Paris.
260 _aParis :
_bErnest Flammarion,
_c1910 (
_fHemmerlé)
300 _a368, 8 p. ;
_c18 cm.
490 1 _aBibliothèque scientifique
650 0 7 _aPragmatismo
_2embne
_916336
700 1 _aLe Brun, E.
_970851
700 1 _aParis, M.
_989139
830 0 _aBibliothèque scientifique
_9181657
852 _aES-MaACL
_jF-6106
999 _c84342
_d84342